| 000 | 00579nam a2200217 a 4500 | ||
|---|---|---|---|
| 005 | 20140310183248.0 | ||
| 008 | 040921s19uu xx 00 eng d | ||
| 020 | _a9781403901606 | ||
| 050 |
_aHD 62.5 _b.L513 2004 |
||
| 100 | _aLegge, John M. | ||
| 245 |
_aEntrepreneurship / _cJohn M.Legge. |
||
| 260 |
_aLondon : _bPalgrave Macmillan, _c2004. |
||
| 300 |
_a411 p. : _c27 cm. |
||
| 500 | _aIncludes bibliography and index. | ||
| 521 | _aBSBA | ||
| 650 | _aEntrepreneurship. | ||
| 700 | _aHindle, Kevin | ||
| 942 |
_cBK _2lcc _kFOR |
||
| 999 |
_c20731 _d20731 |
||